000 00312nam a22001217a 4500
041 _aENG
100 _aGreenlaw.R
245 _aIn Line/ On-Line Fundamentals Of The Internet And The World Wide Web
260 _aPune
_bTata McGrae -Hill
_c1998
300 _a549
650 _aCompetitive Exam
856 _uComputer
999 _c701
_d701